Statistics for Countries Apart From New Zealand That.....

Click here to take the quiz!

General Stats

  • This quiz has been taken 50 times
    (22 since last reset)
  • The average score is 16 of 27

Answer Stats

Answer% Correct
Have Union Jack In FlagAustralia
100%
Begin with NNamibia
89%
Have capital alphabetically after WashingtonNamibia(Windhoek)
89%
Begin with NNauru
84%
Have capital alphabetically after WashingtonNauru(Yaren)
84%
Begin with NNiger
84%
Begin with NNigeria
84%
Have Union Jack In FlagFiji
79%
Begin with NNicaragua
79%
Begin with NNorway
79%
Have Union Jack In FlagUK
79%
Begin with NNepal
74%
Begin with NNetherlands
74%
Contain an N and a ZTanzania
74%
Begin with NNorth Korea
68%
Contain an N and a ZKyrgyzstan
58%
Contain an N and a ZKazakhstan
53%
Have Union Jack In FlagTuvalu
53%
Contain an N and a ZAzerbaijan
47%
Contain an N and a ZUzbekistan
42%
Have capital alphabetically after WashingtonArmenia(Yerevan)
37%
Have capital alphabetically after WashingtonCroatia(Zagreb)
32%
Contain an N and a ZVenezuela
32%
Have capital alphabetically after WashingtonCameroon(Yaounde)
26%
Contain an N and a ZBosnia and Herzogovina
16%
Have capital alphabetically after WashingtonCote D Ivoire(Yamoussoukro)
16%
Contain an N and a ZSwitzerland
16%

Score Distribution

Percentile by Number Answered

Percent of People with Each Score

Your Score History

You have not taken this quiz since the last reset